L'amore diventa maggiorenne /

Gespeichert in:
Bibliographische Detailangaben
1. Verfasser: Carpenter, Edward, (1844-1929) (Verfasst von)
Weitere Verfasser: Ferrando, Guido
Format: Buch
Sprache:Italienisch
Veröffentlicht: Torino : F.lli Bocca, 1929
Schriftenreihe:Piccola biblioteca di scienze moderne ; 168
Schlagworte:
Tags: Tag hinzufügen
Keine Tags, Fügen Sie das erste Tag hinzu!

MARC

LEADER 00000nam a22000007i 4500
001 IT\ICCU\CUB\0163971
003 ItRI
005 20260115232245.0
008 971031s1929 it |||||| ||||| |||||c
015 |2 IT  |a 1929 3260 
024 7 0 |a 126384  |2 cubi 
040 |b ita  |c importazione bologna sebina 
041 7 |a ita  |2 ISO-639-2 
100 1 |a Carpenter, Edward,  |d  (1844-1929)  |0 IT\ICCU\RAVV\061066  |4 aut 
245 1 2 |a L'amore diventa maggiorenne /  |c Edward Carpenter ; traduzione di Guido Ferrando. 
260 |a Torino :  |b F.lli Bocca,  |c 1929 
300 |a 173 p. ;  |c 21 cm. 
650 7 |a Morale sessuale 
700 1 |a Ferrando, Guido  |0 IT\ICCU\RAVV\061367 
830 0 |a Piccola biblioteca di scienze moderne ;  |v 168  |0 IT\ICCU\RAV\0015177 
942 |2 ddc  |c BK  |n 0 
952 |0 0  |1 0  |4 0  |6 DOC_301_070000000000000_CAR  |7 0  |9 23103  |a BO  |b BO  |d 2026-01-15  |i 999  |l 0  |o DOC 301.07 CAR  |p BO999  |r 2026-01-15 23:22:45  |w 2026-01-15  |x [Sebina 7] [1 v.]  |y BK  |z 1 v. 
999 |c 19702  |d 19702